| 000 | 00688cam a22002294a 4500 | ||
|---|---|---|---|
| 001 | 11972404 | ||
| 003 | OSt | ||
| 005 | 20240614120113.0 | ||
| 008 | 000412s2004 nyua b 001 0 eng | ||
| 010 | _a 00030221 | ||
| 020 | _a0387942823 | ||
| 040 |
_aDDC _cMUST |
||
| 042 | _apcc | ||
| 082 | 0 | 0 |
_a510.282 TRO 2004 _222 |
| 100 | 1 |
_aTrott, Michael. _917221 |
|
| 245 | 1 | 4 | _aThe Mathematica guidebook for programming / |
| 260 |
_aNew York : _bTelos-Springer, _cc2004. |
||
| 300 |
_axxxvii, 1028 p. : _bill. ; _c24cm _e1 CD-ROM (4 3/4 in.) |
||
| 504 | _aIncludes bibliographical references and index. | ||
| 650 | 0 |
_aMathematica (Computer program language) _917222 |
|
| 942 |
_2ddc _cO_SHELF |
||
| 999 |
_c8472 _d8472 |
||